| 000 | 00000cam 2200000zi 4500 |
| 001 | 9.558125 |
| 003 | CaOODSP |
| 005 | 20210624172229 |
| 007 | cr ||||||||||| |
| 008 | 150406s2002||||xxc|||||o f|0| 0 eng d |
| 020 | |a0-662-32019-0 |
| 040 | |aCaOODSP|beng |
| 043 | |an-cn--- |
| 086 | 1 |aMP32-28/01-8E-PDF|zMP32-28/01-8E-IN |
| 100 | 1 |aDooley, Martin D., |eauthor. |
| 245 | 10|aDifferences in labour force participation, earnings and welfare participation among Canadian lone mothers : |ba longitudinal data analysis / |cby Martin Dooley and Ross Finnie. |
| 260 | |aHull, Quebec : |bHuman Resources Development Canada, |c2002. |
| 300 | |a1 online resource (57 pages) : |bgraphs, tables. |
| 336 | |atext|btxt|2rdacontent |
| 337 | |acomputer|bc|2rdamedia |
| 338 | |aonline resource|bcr|2rdacarrier |
| 490 | 1 |aWorking paper ; |vW-01-8E |
| 500 | |aN.B.: Incorrect ISBN printed in this publication. October 2001. |
| 504 | |aIncludes bibliographical references. |
| 590 | |a02-44|b2002-11-01 |
| 590 | |a06-10-Supp|b2006-12-15 |
| 690 | 07|aLabour force|2gcpds |
| 690 | 07|aSingle parent families|2gcpds |
| 690 | 07|aWelfare|2gcpds |
| 690 | 07|aWomen|2gcpds |
| 710 | 1 |aCanada.|bHuman Resources Development Canada. |bApplied Research Branch, |eissuing body. |
| 776 | 0#|tDifferences in labour force participation, earnings and welfare participation among Canadian lone mothers : |w(CaOODSP)9.615890 |
| 830 | #0|aWorking paper ;|vW-01-8E|w(CaOODSP)9.504477 |
| 856 | 40|ahttp://publications.gc.ca|qPDF|s183 KB|uhttps://publications.gc.ca/collections/Collection/MP32-28-01-8E.pdf|yW-01-8E |